| 000 | 01124nam a22003497a 4500 | ||
|---|---|---|---|
| 003 | CHAP | ||
| 005 | 20220329140329.0 | ||
| 008 | 971013s1967 cu r 00010 spa d | ||
| 010 | _a50518 | ||
| 011 | _a51490 | ||
| 035 | _a55640 | ||
| 040 | _cCHAP | ||
| 090 | _aFolleto 1509 | ||
| 100 | 0 | 0 |
_aSamkova, Hana. _9101912 |
| 245 | 1 | _aBibliografía botánica cubana (teoría y aplicada) con énfasis en la silvicultura | |
| 260 |
_aLa Habana : _bInstituto de BiologíaA, _c1967 |
||
| 300 | _a36 p. | ||
| 490 |
_aSerie biológica _v; 1 |
||
| 590 |
_aBATCH-UPD _b10 _c20130110 _lUCH01 _h0447 |
||
| 590 |
_aBATCH-UPD _b10 _c20130110 _lUCH01 _h2226 |
||
| 590 |
_aBATCH-UPD _b10 _c20130410 _lUCH01 _h0124 |
||
| 590 |
_aBATCH-UPD _b10 _c20130410 _lUCH01 _h1549 |
||
| 590 |
_aBATCH-UPD _b10 _c20130914 _lUCH01 _h0715 |
||
| 590 |
_aCONVERSION _b10 _c20130109 _lUCH01 _h1327 |
||
| 650 | 1 | 4 |
_aBosques _xCuba. _914119 |
| 650 | 1 | 4 |
_aBotánica _xBibliografía. _914498 |
| 650 | 1 | 4 |
_aBotánica _xCuba. _914526 |
| 830 | 0 |
_aSerie biológica _v; 1 _9104636 |
|
| 901 | _aBK | ||
| 942 | _cFOLL | ||
| 949 |
_aFolleto 1509 _bBC _cFOLL _d-121973 _eTS1 _i55640 _si |
||
| 999 |
_c50518 _d50518 |
||